Using risk analysis for flood protection assessment

Bibliographic Details
Main Authors: Zeleňáková, Martina, 1975- (Author), Zvijáková, Lenka (Author)
Format: Book
Language:English
PhysicalDescription:xii, 128 strán fotografie, grafy, mapy, tabuľky 24 cm
Published: Cham Springer [2017]
ISBN:9783319848334
Edition:Softcover reprint of the hardcover 1st edition 2017
Subjects:

MARC

LEADER 00000cam a2200000 4500
001 vtls011910759
003 SK-MaSNL
005 20260425233901.0
008 220107s2017 sz oab frn 000 0 eng
015 |a SNBZSA2021/08 
020 |a 9783319848334  |q (brožované) 
035 |a urn:nbn:sk:snk-am00g6az 
035 |a urn:nbn:sk:snk-am3iyy4 
035 |a 77046BC4-7703-46DE-A98F-9E7A72ABF8B6 
040 |a SNK  |b slo  |c SNK  |e rda 
041 0 |a eng 
043 |a e-xo--- 
044 |a sz  |c CH 
072 7 |a 502  |x Životné prostredie a jeho ochrana  |2 konspekt 
080 |a 502/504  |2 2011 
080 |a 502.13  |2 2011 
080 |a 504.4  |2 2011 
080 |a 556.52/.53  |2 2011 
080 |a (437.6)  |2 2011 
080 |a (048.8)  |2 2011 
100 1 |a Zeleňáková, Martina,  |d 1975-  |4 aut  |9 185925 
245 1 0 |a Using risk analysis for flood protection assessment  |c Martina Zeleňáková, Lenka Zvijáková 
250 |a Softcover reprint of the hardcover 1st edition 2017 
264 1 |a Cham  |b Springer  |c [2017] 
264 4 |c ©2017 
300 |a xii, 128 strán  |b fotografie, grafy, mapy, tabuľky  |c 24 cm 
336 |a text  |b txt  |2 rdacontent 
337 |a bez média  |b n  |2 rdamedia 
338 |a zväzok  |b nc  |2 rdacarrier 
500 |a Obsahuje zoznam skratiek 
504 |a Obsahuje bibliografiu za jednotlivými kapitolami 
650 0 7 |a životné prostredie  |2 SNKPH  |9 786 
650 0 7 |a environmentálny manažment  |2 SNKPH  |9 3638 
650 0 7 |a prírodné katastrofy  |2 SNKPH  |9 3933 
650 0 7 |a vodné toky  |2 SNKPH  |9 3750 
650 0 7 |a Environment  |2 SNKPHeng  |9 267078 
650 0 7 |a Environmental management  |2 SNKPHeng  |9 306245 
650 0 7 |a Natural disasters  |2 SNKPHeng  |9 297092 
650 0 7 |a Water streams  |2 SNKPHeng  |9 312491 
651 7 |a Slovensko  |2 SNKPHgeo  |9 14231 
651 7 |a Slovakia  |2 SNKPHeng  |9 92630 
655 7 |a analýzy  |2 SNKPH  |9 22242 
655 7 |a Analytic studies  |2 SNKPHeng  |9 278714 
700 1 |a Zvijáková, Lenka  |4 aut  |9 503736 
919 |a 978-3-319-84833-4 
958 |a ZS 
958 |a NB 
999 |c 778366  |d 780296 
952 |a SNK  |b SNK  |y PREZ  |7 0  |p 17A1449723  |o snkSC 112725  |i snk2021/1904  |8 4  |g 110.51  |0 0  |1 0  |4 0  |d 2020-01-14  |f 1  |l 0  |r 2025-10-02 00:00:00  |w 2026-02-24